000 00778nam a22002297a 4500
001 47205
003 BD-RjUL
005 20211209054257.0
008 160807s2010 bg ||||| |||| 00| 0 ben d
020 _a9789843318190
_c: TK 150.00
035 _a(BD-RjUL)47324
040 _aBD-RjUL
_bben
_cBD-RjUL
041 _aben
082 _223
_a305.4
_bKAT 2010
100 _aকবীর, বিলু
_9143739
245 1 0 _aতাহাদের কথা :
_bউদ্যোক্তা নারীসমীক্ষা /
_cবিলু কবীর
260 _aঢাকা :
_bবাংলার মুখ,
_c২০১০
300 _a১৫২ পৃ. ;
_c২১ সেমি.
650 _aনারী
_9143740
650 _aWomen
_9143741
942 _2ddc
_cBK
999 _c47205
_d47205